Statistics for Groups of Fifteen

Click here to take the quiz!

General Stats

  • This quiz has been taken 4,392 times
    (4,088 since last reset)
  • The average score is 39 of 75

Answer Stats

Hint Answer % Correct
Russia
91%
United Kingdom
91%
Cinderella
82%
Ukraine
81%
France
80%
Snow White
79%
United States
78%
Germany
77%
Louisiana
74%
Latvia
74%
Georgia
73%
Estonia
73%
Lithuania
72%
Japan
72%
Texas
70%
Ariel
69%
Italy
69%
Spain
68%
Belarus
68%
Canada
67%
Belle
66%
Arkansas
63%
Kansas
63%
Missouri
63%
Uzbekistan
62%
Oklahoma
60%
South Dakota
60%
North Dakota
60%
Turkmenistan
60%
Colorado
58%
Iowa
57%
Nebraska
57%
Jasmine
56%
New Mexico
56%
Sweden
56%
Armenia
56%
Tajikistan
56%
Wyoming
55%
Kazakhstan
55%
Montana
54%
State
54%
Azerbaijan
54%
Anna/Elsa
54%
Norway
53%
Mulan
53%
Kyrgyzstan
52%
Aurora
51%
Moldova
50%
Minnesota
50%
Belgium
48%
Netherlands
48%
Rapunzel
47%
Denmark
47%
Pocahontas
46%
Defense
46%
Switzerland
40%
Education
38%
Tiana
33%
Treasury
31%
Health and Human Services
28%
Interior
27%
Homeland Security
26%
Agriculture
25%
Merida
25%
Attorney General
22%
Housing and Urban Development
19%
Transportation
19%
Labor
16%
Commerce
16%
Energy
15%
Veterans Affairs
11%
Kidagakash
4%
Sofia the First
4%
Eilonwy
1%

Score Distribution

Percentile by Number Answered

Percent of People with Each Score

Your Score History

You have not taken this quiz since the last reset